Cây ngô : (Giáo trình cao học nông nghiệp)

Sách cung cấp nhiều tư liệu quý về mặt sinh học của cây ngô như nguồn gốc, tính đa dạng di truyền và quá trình tiến hóa - phát triển của cây ngô trên thế giới nói chung cũng như ở Việt Nam nói riêng...

Volledige beschrijving

Bewaard in:
Bibliografische gegevens
Hoofdauteur: Ngô, Hữu Tình
Formaat: Boek
Taal:Undetermined
Gepubliceerd in: Hà Nội Nông Nghiệp 1997
Onderwerpen:
Tags: Voeg label toe
Geen labels, Wees de eerste die dit record labelt!
Thư viện lưu trữ: Trung tâm Học liệu Trường Đại học Cần Thơ
LEADER 00881nam a2200217Ia 4500
001 CTU_23077
008 210402s9999 xx 000 0 und d
020 |c 38500 
082 |a 584.92 
082 |b T312 
100 |a Ngô, Hữu Tình 
245 0 |a Cây ngô : 
245 0 |b (Giáo trình cao học nông nghiệp) 
245 0 |c Ngô Hữu Tình 
260 |a Hà Nội 
260 |b Nông Nghiệp 
260 |c 1997 
520 |a Sách cung cấp nhiều tư liệu quý về mặt sinh học của cây ngô như nguồn gốc, tính đa dạng di truyền và quá trình tiến hóa - phát triển của cây ngô trên thế giới nói chung cũng như ở Việt Nam nói riêng 
650 |a Corn,Field crops 
910 |a Huỳnh Mai 
980 |a Trung tâm Học liệu Trường Đại học Cần Thơ